[Event "Bayern-chI Bank Hofmann 23rd"]
[Site "Tegernsee"]
[Date "2019.10.28"]
[Round "3"]
[White "Schnicke, Robert"]
[Black "Fiedorek, Michal"]
[Result "0-1"]
[WhiteElo "2108"]
[BlackElo "2343"]
[PlyCount "104"]
[EventDate "2019.10.26"]
[EventType "swiss"]
[EventRounds "9"]
[EventCountry "GER"]
[SourceTitle "CBM 192 Extra"]
[Source "Chessbase"]
[SourceDate "2019.11.06"]
[SourceVersion "1"]
[SourceVersionDate "2019.11.06"]
[SourceQuality "1"]

1. e4 c5 2. Nf3 Nc6 3. d4 cxd4 4. Nxd4 Nf6 5. Nc3 d6 6. Bg5 e6 7. Qd2 a6 8. 0-0-0 Bd7 9. f4 Be7 10. Nf3 b5 11. Bd3 Qa5 12. Kb1 Rc8 13. Ne2 Ng4 14. Bxe7 Qxd2 15. Rxd2 Kxe7 16. h3 Nf2 17. Rf1 Nxd3 18. cxd3 a5 19. Ned4 Nb4 20. Ne1 Rc7 21. Nec2 Na6 22. Ne3 Rhc8 23. f5 Nc5 24. g4 h6 25. h4 Rb7 26. g5 hxg5 27. hxg5 Rh8 28. g6 fxg6 29. fxe6 Nxe6 30. Nd5+ Ke8 31. Nc2 Bc6 32. Nce3 Rf7 33. Rc1 Bb7 34. b4 axb4 35. Nxb4 Nc5 36. e5 Kd7 37. Nbd5 Ke6 38. exd6 Kxd6 39. Nc3 b4 40. Nb5+ Kc6 41. Nd4+ Kb6 42. Nc4+ Ka6 43. Nd6 Rd7 44. N4b5 Kb6 45. Rdc2 Nxd3 46. Rd1 Rh1 47. Rxh1 Bxh1 48. Rc8 Bc6 49. Rb8+ Kc5 50. Kc2 Nf4 51. Rc8 Nd5 52. Kb3 Nb6 0-1

[Event "Bamberg op 2nd"]
[Site "Bamberg"]
[Date "2019.05.31"]
[Round "4"]
[White "Syed, Tareq"]
[Black "Schnicke, Robert"]
[Result "1-0"]
[WhiteElo "2001"]
[BlackElo "2127"]
[PlyCount "88"]
[EventDate "2019.05.29"]
[EventType "swiss"]
[EventRounds "7"]
[EventCountry "GER"]
[SourceTitle "CBM 190 Extra"]
[Source "ChessBase"]
[SourceDate "2019.07.15"]
[SourceVersion "1"]
[SourceVersionDate "2019.07.15"]
[SourceQuality "1"]

1. d3 e5 2. g3 g6 3. Bg2 Bg7 4. c4 Ne7 5. Nc3 d6 6. Rb1 c6 7. Bd2 Be6 8. Qc1 f5 9. Bh6 0-0 10. h4 f4 11. Bxg7 Kxg7 12. h5 g5 13. h6+ Kh8 14. Ne4 g4 15. Qc3 Ng6 16. Qb4 Qe7 17. Qxd6 Nd7 18. Qxe7 Nxe7 19. Ng5 Bf5 20. Be4 Nf6 21. Bxf5 Nxf5 22. gxf4 exf4 23. Ne6 Rg8 24. Nxf4 Rae8 25. Kd2 g3 26. fxg3 Nxg3 27. Rh3 Rg4 28. e3 Nf5 29. Nge2 Ng8 30. Rbh1 Nfxh6 31. Rxh6 Nxh6 32. Rxh6 Kg7 33. Rd6 Re7 34. Nd4 Kh8 35. Nf5 Re8 36. Rd7 Rf8 37. Nd6 Rf6 38. Nxb7 Rh6 39. Nd6 Rh2+ 40. Kc3 Kg8 41. Rxa7 h5 42. Ne4 Rxf4 43. exf4 h4 44. Nf6+ Kf8 1-0

[Event "Arber op 6th"]
[Site "Bodenmais"]
[Date "2017.08.04"]
[Round "7"]
[White "Schnicke, Robert"]
[Black "Grabmeier, Johannes"]
[Result "1-0"]
[WhiteElo "2151"]
[BlackElo "1955"]
[PlyCount "161"]
[EventDate "2017.07.29"]
[EventType "swiss"]
[EventRounds "9"]
[EventCountry "GER"]
[SourceTitle "CBM 179 Extra"]
[Source "ChessBase"]
[SourceDate "2017.08.23"]
[SourceVersion "1"]
[SourceVersionDate "2017.08.23"]
[SourceQuality "1"]

1. Nf3 b6 2. b4 e6 3. Bb2 Nf6 4. b5 Bb7 5. e3 Be7 6. Be2 0-0 7. 0-0 a6 8. a4 axb5 9. axb5 Rxa1 10. Bxa1 c5 11. bxc6 dxc6 12. c4 Na6 13. d4 Qc7 14. Qb3 Ne4 15. Nc3 Nxc3 16. Bxc3 Rb8 17. Rb1 Bc8 18. h3 b5 19. c5 Ra8 20. Ne5 Nb8 21. Bf3 Ra6 22. Qc2 Qa7 23. Qd3 g6 24. Ng4 Ra3 25. Qc2 Qa4 26. Qxa4 Rxa4 27. Ne5 Bb7 28. Ra1 f6 29. Nd3 Rxa1+ 30. Bxa1 Kf7 31. Kf1 Bd8 32. Bc3 Ke7 33. g4 h6 34. Ke1 Na6 35. Kd2 Bc7 36. Kc2 Kf7 37. Kb3 Ke7 38. Bg2 Kf7 39. f4 Ke7 40. Bf3 Kf7 41. Kc2 Ke7 42. Kd1 Kf7 43. Ke2 Ke7 44. Kf2 Kf7 45. h4 g5 46. hxg5 hxg5 47. f5 Nb8 48. fxe6+ Kxe6 49. Be4 Na6 50. Kf3 Ke7 51. Bf5 Bd8 52. e4 Bc7 53. Be1 Kd8 54. Bd2 Ke7 55. e5 Kf7 56. exf6 Kxf6 57. Nf2 Bf4 58. Bxf4 gxf4 59. Ne4+ Ke7 60. Nd6 Ba8 61. Kxf4 Nc7 62. Ke3 Nd5+ 63. Kd2 Kf6 64. Be4 Nc7 65. Ke3 Ne6 66. Nxb5 Bb7 67. Nd6 Ba8 68. Bf5 Nc7 69. Kf4 Nd5+ 70. Kf3 Kg5 71. Ne4+ Kh6 72. Be6 Ne7 73. Nd6 Kg6 74. Bc4 Kg7 75. g5 Kf8 76. Kf4 Ng6+ 77. Kf5 Nh4+ 78. Kf6 Bb7 79. g6 Nxg6 80. Kxg6 Ba8 81. Kf6 1-0

[Event "Arber op 6th"]
[Site "Bodenmais"]
[Date "2017.08.03"]
[Round "6"]
[White "Wacker, Felix"]
[Black "Schnicke, Robert"]
[Result "1/2-1/2"]
[WhiteElo "1900"]
[BlackElo "2151"]
[PlyCount "78"]
[EventDate "2017.07.29"]
[EventType "swiss"]
[EventRounds "9"]
[EventCountry "GER"]
[SourceTitle "CBM 179 Extra"]
[Source "ChessBase"]
[SourceDate "2017.08.23"]
[SourceVersion "1"]
[SourceVersionDate "2017.08.23"]
[SourceQuality "1"]

1. e4 e5 2. Nf3 Nc6 3. Bb5 a6 4. Ba4 d6 5. 0-0 Nf6 6. Re1 Bd7 7. c3 Ne7 8. Bb3 h6 9. d4 Ng6 10. Nbd2 b5 11. Nf1 Rb8 12. Ng3 Be7 13. Nf5 0-0 14. g3 Re8 15. Bxh6 gxh6 16. Nxh6+ Kg7 17. Nxf7 Qc8 18. dxe5 dxe5 19. N3xe5 Be6 20. Nxg6 Kxg6 21. Ne5+ Kg7 22. Nc6 Bc5 23. Nxb8 Bxb3 24. axb3 Qh3 25. Qf3 Ng4 26. Re2 Qxh2+ 27. Kf1 Qh5 28. Qg2 Nh2+ 29. Ke1 Nf3+ 30. Kf1 Nh2+ 31. Ke1 Nf3+ 32. Kd1 Rxe4 33. Rxe4 Qd5+ 34. Rd4 Bxd4 35. cxd4 Qxd4+ 36. Kc1 Qd2+ 37. Kb1 Qe1+ 38. Ka2 Qa5+ 39. Kb1 Qe1+ 1/2-1/2

[Event "Arber op 6th"]
[Site "Bodenmais"]
[Date "2017.08.02"]
[Round "5"]
[White "Schnicke, Robert"]
[Black "Miesbauer, Jan"]
[Result "0-1"]
[WhiteElo "2151"]
[BlackElo "2186"]
[PlyCount "86"]
[EventDate "2017.07.29"]
[EventType "swiss"]
[EventRounds "9"]
[EventCountry "GER"]
[SourceTitle "CBM 179 Extra"]
[Source "ChessBase"]
[SourceDate "2017.08.23"]
[SourceVersion "1"]
[SourceVersionDate "2017.08.23"]
[SourceQuality "1"]

1. Nf3 Nf6 2. d4 g6 3. c4 Bg7 4. Nc3 d5 5. cxd5 Nxd5 6. Bd2 0-0 7. e3 c5 8. Rc1 cxd4 9. Nxd4 Nc6 10. Nxc6 bxc6 11. Na4 Rb8 12. b3 Nb4 13. Bxb4 Rxb4 14. Qxd8 Rxd8 15. Be2 Bf5 16. Rd1 Rxd1+ 17. Bxd1 Bb1 18. a3 Rb8 19. Kd2 a5 20. Bc2 Ba2 21. Rc1 Bxb3 22. Bxb3 Rxb3 23. Rxc6 Bf6 24. Rc5 Rxa3 25. Rxa5 Ra2+ 26. Ke1 Bc3+ 27. Nxc3 Rxa5 28. Ke2 f5 29. f4 Kf7 30. Kf3 Kf6 31. h4 e5 32. fxe5+ Kxe5 33. Ne2 h6 34. Nf4 g5 35. hxg5 hxg5 36. Nd3+ Kf6 37. Nf2 Ra3 38. Ke2 Ke5 39. g4 f4 40. Nd3+ Rxd3 41. Kxd3 f3 42. e4 Kf4 43. e5 Kg3 0-1

[Event "Wiesbaden op 26th"]
[Site "Wiesbaden"]
[Date "2014.08.31"]
[Round "6"]
[White "Schnicke, Robert"]
[Black "Bolduan, Michael"]
[Result "1-0"]
[WhiteElo "2164"]
[BlackElo "1870"]
[PlyCount "55"]
[EventDate "2014.08.28"]
[EventType "swiss"]
[EventRounds "7"]
[EventCountry "GER"]
[SourceTitle "CBM 162 Extra"]
[Source "ChessBase"]
[SourceDate "2014.10.17"]
[SourceVersion "1"]
[SourceVersionDate "2014.10.17"]
[SourceQuality "1"]

1. d4 e6 2. e4 d5 3. Nc3 Nf6 4. Bg5 Bb4 5. e5 h6 6. Bd2 Bxc3 7. bxc3 Ne4 8. Bc1 c5 9. Qg4 g6 10. Bd3 cxd4 11. Ne2 Nc6 12. cxd4 Qb6 13. Bxe4 dxe4 14. Qxe4 Bd7 15. 0-0 Rc8 16. Ba3 Na5 17. Qf4 Qd8 18. Ng3 g5 19. Qc1 Bc6 20. Nh5 Qb6 21. Nf6+ Kd8 22. d5 exd5 23. Rb1 Qa6 24. Bb4 Nc4 25. Rd1 Nxe5 26. Qe3 Ng6 27. Nxd5 Re8 28. Nb6+ 1-0

[Event "Wiesbaden op 26th"]
[Site "Wiesbaden"]
[Date "2014.08.30"]
[Round "4"]
[White "Schnicke, Robert"]
[Black "Lukas, Sebastian"]
[Result "1/2-1/2"]
[WhiteElo "2164"]
[BlackElo "1893"]
[PlyCount "69"]
[EventDate "2014.08.28"]
[EventType "swiss"]
[EventRounds "7"]
[EventCountry "GER"]
[SourceTitle "CBM 162 Extra"]
[Source "ChessBase"]
[SourceDate "2014.10.17"]
[SourceVersion "1"]
[SourceVersionDate "2014.10.17"]
[SourceQuality "1"]

1. d4 d5 2. Nf3 Nf6 3. g3 e6 4. Bg2 c5 5. c4 dxc4 6. Qa4+ Nc6 7. Ne5 Bd7 8. Nxd7 Qxd7 9. dxc5 Bxc5 10. Bxc6 Qxc6 11. Qxc6+ bxc6 12. 0-0 0-0 13. Nd2 c3 14. bxc3 Be7 15. c4 Rfd8 16. Rb1 Rab8 17. Rxb8 Rxb8 18. Kg2 Rb6 19. Nf3 Ra6 20. Bf4 Rxa2 21. Rb1 h6 22. Rb8+ Kh7 23. Rb7 Bc5 24. Ng1 a5 25. Rxf7 a4 26. Rc7 Bd4 27. Nf3 Bc3 28. Be5 Bxe5 29. Nxe5 Rxe2 30. Nxc6 a3 31. Ra7 Rc2 32. Rxa3 Rxc4 33. Nd8 e5 34. Re3 e4 35. Re2 1/2-1/2

[Event "Rostock SSC op 12th"]
[Site "Rostock"]
[Date "2013.08.01"]
[Round "3"]
[White "Schnicke, Robert"]
[Black "Birnbaum, Wolf Dieter"]
[Result "1-0"]
[WhiteElo "2199"]
[BlackElo "1992"]
[PlyCount "27"]
[EventDate "2013.07.31"]
[EventType "swiss"]
[EventRounds "7"]
[EventCountry "GER"]
[SourceTitle "EXT 2018"]
[Source "ChessBase"]
[SourceDate "2017.10.13"]
[SourceVersion "1"]
[SourceVersionDate "2017.10.13"]
[SourceQuality "1"]

1. e4 Nf6 2. e5 Nd5 3. d4 d6 4. Nf3 Nc6 5. c4 Nb6 6. e6 fxe6 7. Ng5 g6 8. Be3 Bg7 9. Bd3 e5 10. Nxh7 exd4 11. Bxg6+ Kd7 12. Qg4+ e6 13. Bf7 Ne5 14. Qxg7 1-0

[Event "Rheinland Pfalz op 5th"]
[Site "Worms"]
[Date "2013.06.02"]
[Round "7"]
[White "Schnicke, Robert"]
[Black "Bonk, Andras"]
[Result "0-1"]
[WhiteElo "2207"]
[BlackElo "2078"]
[PlyCount "78"]
[EventDate "2013.05.30"]
[EventType "swiss"]
[EventRounds "7"]
[EventCountry "GER"]
[SourceTitle "EXT 2014"]
[Source "ChessBase"]
[SourceDate "2013.11.20"]
[SourceVersion "1"]
[SourceVersionDate "2013.11.20"]
[SourceQuality "1"]

1. e4 c5 2. Nf3 Nc6 3. d4 cxd4 4. Nxd4 Nf6 5. Nc3 e6 6. Ndb5 Bb4 7. a3 Bxc3+ 8. Nxc3 d5 9. exd5 exd5 10. Bd3 0-0 11. 0-0 Bg4 12. f3 Be6 13. Kh1 Rc8 14. Bg5 h6 15. Bh4 g5 16. Bg3 Nh5 17. f4 Nxg3+ 18. hxg3 f5 19. Ne2 g4 20. Qd2 Qf6 21. c3 Rf7 22. Qe3 Re7 23. Nd4 Bd7 24. Qf2 Nxd4 25. Qxd4 Qxd4 26. cxd4 Re3 27. Rad1 Rce8 28. Kh2 Kf7 29. Rf2 Kf6 30. Rdd2 h5 31. Rf1 Rh8 32. Rdd1 h4 33. gxh4 Rxh4+ 34. Kg1 g3 35. Rd2 Rh8 36. Rdd1 Ba4 37. Rd2 Rhe8 38. Rf3 Re1+ 39. Rf1 R8e3 0-1

[Event "RLP-ch MTB 24th"]
[Site "Kaiserslautern"]
[Date "2005.??.??"]
[Round "5"]
[White "Schnicke, Robert"]
[Black "Kunz, Pawel"]
[Result "1-0"]
[WhiteElo "2230"]
[BlackElo "1725"]
[PlyCount "67"]
[EventDate "2005.??.??"]
[EventType "swiss"]
[EventRounds "7"]
[EventCountry "GER"]
[SourceTitle "EXT 2009"]
[Source "ChessBase"]
[SourceDate "2008.11.26"]
[SourceVersion "1"]
[SourceVersionDate "2008.11.26"]
[SourceQuality "1"]

1. d4 d5 2. c4 e6 3. Nc3 Nf6 4. Bg5 Be7 5. e3 a6 6. Bxf6 Bxf6 7. cxd5 exd5 8. Qc2 Be6 9. Bd3 Nd7 10. Nf3 c5 11. 0-0 Rc8 12. Rad1 cxd4 13. exd4 g6 14. Rfe1 0-0 15. h3 Nb8 16. Qb3 Nc6 17. Qxb7 Bxd4 18. Nxd4 Nxd4 19. Bf1 Rb8 20. Qxa6 Rb6 21. Qd3 Nf5 22. b3 Rd6 23. Nb5 Rd7 24. Nd4 Qb6 25. Nxf5 gxf5 26. Qg3+ Kh8 27. Qe5+ Kg8 28. Re3 f4 29. Qg5+ Kh8 30. Qf6+ Kg8 31. Re5 Rfd8 32. Bd3 Rd6 33. Rde1 Bd7 34. Rg5+ 1-0

[Event "GER Cup"]
[Site "Erfurt"]
[Date "2004.03.20"]
[Round "2"]
[White "Heinzel, Olaf"]
[Black "Schnicke, Robert"]
[Result "1-0"]
[WhiteElo "2358"]
[BlackElo "2274"]
[PlyCount "105"]
[EventDate "2004.03.19"]
[EventType "k.o."]
[EventRounds "3"]
[EventCountry "GER"]
[SourceTitle "CBM 099 Extra"]
[Source "ChessBase"]
[SourceDate "2004.05.04"]
[SourceVersion "1"]
[SourceVersionDate "2004.05.04"]
[SourceQuality "1"]

1. d4 Nf6 2. Nf3 d6 3. h3 c6 4. a4 g6 5. Bf4 Qc7 6. e3 Bg7 7. Be2 Ne4 8. 0-0 Nd7 9. c3 0-0 10. Na3 Qd8 11. Bh2 f5 12. Ne1 Ndf6 13. Nd3 Kh8 14. Qc2 Be6 15. Rae1 Qd7 16. Bd1 b5 17. f3 Ng5 18. h4 Nf7 19. Nf4 Bc4 20. Nxc4 bxc4 21. Qe2 e5 22. Nh3 Qe6 23. Ng5 Nxg5 24. hxg5 Nd7 25. g4 fxg4 26. f4 Nb6 27. Qg2 g3 28. Qxg3 e4 29. Bg4 Qd5 30. Qh3 Rf5 31. Bxf5 gxf5 32. g6 h6 33. Bg3 Nxa4 34. Rf2 Qe6 35. Qh5 Nb6 36. Bh4 Kg8 37. Ra1 a5 38. Raf1 a4 39. Bg5 hxg5 40. fxg5 Ra5 41. Qh7+ Kf8 42. Qh3 Qxg6 43. Rxf5+ Rxf5 44. Rxf5+ Kg8 45. Qg4 Nd5 46. Rf2 Ne7 47. Kf1 d5 48. Ke1 c5 49. Qf4 Qe6 50. dxc5 Be5 51. Qf8+ Kh7 52. Rf7+ Kg6 53. Rxe7 1-0

[Event "RLP-chA"]
[Site "Dittweiler"]
[Date "2004.??.??"]
[Round "3"]
[White "Meier, Georg"]
[Black "Schnicke, Robert"]
[Result "1-0"]
[WhiteElo "2365"]
[BlackElo "2274"]
[PlyCount "105"]
[EventDate "2004.??.??"]
[EventType "swiss"]
[EventRounds "11"]
[EventCountry "GER"]
[SourceTitle "EXT 2009"]
[Source "ChessBase"]
[SourceDate "2008.11.26"]
[SourceVersion "1"]
[SourceVersionDate "2008.11.26"]
[SourceQuality "1"]

1. Nf3 d5 2. g3 g6 3. Bg2 Bg7 4. 0-0 e6 5. d4 Ne7 6. Nbd2 Nbc6 7. c3 f5 8. b4 a6 9. Nb3 Bd7 10. Bf4 Nc8 11. c4 Nxb4 12. Ne5 Ba4 13. Qd2 Bxb3 14. Qxb4 Bxc4 15. Nxc4 dxc4 16. Qxb7 Ra7 17. Qb8 0-0 18. Bb7 Bxd4 19. Rad1 Nd6 20. Qxd8 Rxd8 21. Bc6 e5 22. Bc1 a5 23. e3 Bc3 24. Rd5 Rb8 25. Rc5 Kg7 26. Bd5 Bb4 27. Rc6 Rb6 28. Bb2 c3 29. Bxc3 Bxc3 30. Rxc3 Kf6 31. Rfc1 Ne8 32. Rc5 e4 33. Kg2 Ke7 34. g4 Kf6 35. Kg3 h6 36. R1c2 Ke7 37. gxf5 gxf5 38. Kf4 Kf6 39. Bb3 Ng7 40. Rc6+ Rxc6 41. Rxc6+ Ke7 42. Rg6 Ne8 43. Kxf5 Nd6+ 44. Ke5 Ra6 45. Rg7+ Kd8 46. Be6 Rc6 47. Bd5 Rb6 48. h4 a4 49. h5 a3 50. Rg6 Ke7 51. Rg7+ Kd8 52. Rh7 Nc8 53. Be6 1-0

[Event "RLP-chA"]
[Site "Dittweiler"]
[Date "2004.??.??"]
[Round "1"]
[White "Schoen, Ralf"]
[Black "Schnicke, Robert"]
[Result "1/2-1/2"]
[WhiteElo "2223"]
[BlackElo "2274"]
[PlyCount "51"]
[EventDate "2004.??.??"]
[EventType "swiss"]
[EventRounds "11"]
[EventCountry "GER"]
[SourceTitle "EXT 2009"]
[Source "ChessBase"]
[SourceDate "2008.11.26"]
[SourceVersion "1"]
[SourceVersionDate "2008.11.26"]
[SourceQuality "1"]

1. e4 e5 2. Nf3 Nc6 3. Bb5 a6 4. Bxc6 dxc6 5. 0-0 Bg4 6. h3 Bxf3 7. Qxf3 Bd6 8. d3 Ne7 9. Nc3 Qd7 10. Be3 0-0 11. Rad1 c5 12. Qg4 Qc6 13. h4 Kh8 14. h5 Rae8 15. b3 f6 16. Nb1 Rd8 17. Qh4 Rde8 18. g4 Rf7 19. f3 Kg8 20. Rd2 Qd7 21. c4 Qe6 22. Nc3 b6 23. Ne2 Nc6 24. Rfd1 Rd7 25. Kf1 Red8 26. Nc3 1/2-1/2